00305nam a2200133Ia 45000030006000000080041000060400015000471000019000622450035000812500010001162600016001265460012001420050017001540STCL150530s9999 xx 000 0 und d aSTCLcSTCL aGupta, D.C. Ed aIndian Government and politics aSixth bVikasc1983 aEnglish20220125165448.0